000 00938nam a22002537a 4500
999 _c13262
_d13262
003 MIRAKIL
005 20190520165929.0
008 190520b tu ||||| |||| 00| 0 tur d
020 _a9786053605553
040 _aTR-AnCHP
_cTR-AnCHP
041 _atur
082 _a923.1485
_bB36o 2012
100 _aBerggren, Henrik
245 1 0 _aOlof Palme :
_bgüzel günler göreceğiz /
_cHenrik Berggren ; çeviren Turhan Kayaoğlu
260 _aİstanbul:
_bTürkiye İş Bankası Kültür Yayınları,
_c2012.
300 _a624 s.:
_c24 sm.
490 0 _aTürkiye İş Bankası Kültür Yayınları ;
_vgenel yayın: 2495.
500 _aYapıtın özgün adı: Underbara dagar framför oss- en biografi over Olof Palme
504 _aKaynakça ve dizin vardır.
600 0 _95232
_aPalme, Olof
_d1927-1986
_xYaşamöyküsü
650 0 _95273
_aDevlet başkanları
_zİsveç
700 1 _94559
_aKayaoğlu, Turhan
_eçev.
942 _2ddc
_cBKS